Batalla de Tarapacá: 27 de noviembre de 1879
Zapisane w:
| 1. autor: | |
|---|---|
| Format: | Książka |
| Język: | hiszpański |
| Wydane: |
Santiago, Chile
Cervantes
1911
|
| Hasła przedmiotowe: | |
| Etykiety: |
Dodaj etykietę
Nie ma etykietki, Dołącz pierwszą etykiete!
|
MARC
| LEADER | 00000nam a2200000 a 4500 | ||
|---|---|---|---|
| 001 | UCO2091 | ||
| 003 | CL-VaPUC | ||
| 005 | 20220301101418.0 | ||
| 008 | 000602e19110000CL |||||||||||||||||spa|d | ||
| 999 | |c 288632 |d 288630 | ||
| 040 | |c Pontificia Universidad Católica de Valparaíso | ||
| 082 | 0 | 4 | |a 983.061 MOL 1911 |2 21 |
| 100 | |a Molinare, Nicanor |e autor |9 610893 | ||
| 245 | 1 | 0 | |a Batalla de Tarapacá: |b 27 de noviembre de 1879 |
| 260 | |a Santiago, Chile |b Cervantes |c 1911 | ||
| 300 | |a 213 páginas | ||
| 583 | |a last modification |c 20000602 00:00:00 |k Rodrigo Vera | ||
| 650 | 7 | |a HISTORIA DE CHILE |2 CL-VaPUC |9 444849 |y 1879 | |
| 650 | 0 | |a Guerra del Pacífico |z CHILE |9 314886 | |
| 650 | 7 | |a CAMPAÑAS MILITARES |2 CL-VaPUC |9 437721 |z CHILE | |
| 852 | |a BIBCUR | ||
| 942 | |c BK |2 ddc | ||
| 945 | |d 20000602 00:00:00 |a crobeson | ||
| 952 | |0 0 |1 0 |2 ddc |4 0 |6 983_061000000000000_MOL_1911 |7 0 |8 X |9 336442 |a BIBHIS |b BIBHIS |d 2019-11-20 |i 1278479 |o 983.061 MOL 1911 |p 1278479 |r 2024-01-30 |t 1 |w 2019-11-20 |y BK_X |k HIS | ||
| 952 | |0 0 |1 0 |2 ddc |4 0 |6 983_061000000000000_MOL_1911 |7 0 |8 X |9 336443 |a FDOBUD |b FDOBUD |d 2019-11-20 |i 1031953 |o 983.061 MOL 1911 |p 1031953 |r 2019-11-20 |t 2 |w 2019-11-20 |y BK_X |k BUD | ||